Management essentials for Christian ministries / (Record no. 10634)
[ view plain ]
| 000 -LEADER | |
|---|---|
| fixed length control field | 02532cam a2200313 i 4500 |
| 001 - CONTROL NUMBER | |
| control field | 57718277 |
| 003 - CONTROL NUMBER IDENTIFIER | |
| control field | OCoLC |
| 005 - DATE AND TIME OF LATEST TRANSACTION | |
| control field | 20250206142116.0 |
| 008 - FIXED-LENGTH DATA ELEMENTS--GENERAL INFORMATION | |
| fixed length control field | 050328s2005 tnua b 001 0 eng d |
| 020 ## - INTERNATIONAL STANDARD BOOK NUMBER | |
| International Standard Book Number | 0805431233 |
| 020 ## - INTERNATIONAL STANDARD BOOK NUMBER | |
| International Standard Book Number | 9780805431230 |
| 035 ## - SYSTEM CONTROL NUMBER | |
| System control number | (OCoLC)57718277 |
| 040 ## - CATALOGING SOURCE | |
| Original cataloging agency | D9B |
| Language of cataloging | eng |
| Description conventions | rda |
| Transcribing agency | D9B |
| Modifying agency | DLC |
| -- | CBC |
| -- | PGM |
| -- | BAKER |
| -- | BTCTA |
| -- | FIN |
| 082 00 - DEWEY DECIMAL CLASSIFICATION NUMBER | |
| Classification number | 254 |
| Edition information | 22 |
| Item number | MAN 1 |
| 245 00 - TITLE STATEMENT | |
| Title | Management essentials for Christian ministries / |
| Statement of responsibility, etc. | edited by Michael J. Anthony and James Estep, Jr. |
| 264 #1 - PRODUCTION, PUBLICATION, DISTRIBUTION, MANUFACTURE, AND COPYRIGHT NOTICE | |
| Place of production, publication, distribution, manufacture | Nashville, Tenn. : |
| Name of producer, publisher, distributor, manufacturer | Broadman & Holman Publishers, |
| Date of production, publication, distribution, manufacture, or copyright notice | [2005] |
| 264 #4 - PRODUCTION, PUBLICATION, DISTRIBUTION, MANUFACTURE, AND COPYRIGHT NOTICE | |
| Date of production, publication, distribution, manufacture, or copyright notice | ©2005 |
| 300 ## - PHYSICAL DESCRIPTION | |
| Extent | ix, 454 pages : |
| Other physical details | illustrations ; |
| Dimensions | 24 cm |
| 336 ## - CONTENT TYPE | |
| Content type term | text |
| Content type code | txt |
| Source | rdacontent |
| 337 ## - MEDIA TYPE | |
| Media type term | unmediated |
| Media type code | n |
| Source | rdamedia |
| 338 ## - CARRIER TYPE | |
| Carrier type term | volume |
| Carrier type code | nc |
| Source | rdacarrier |
| 504 ## - BIBLIOGRAPHY, ETC. NOTE | |
| Bibliography, etc. note | Includes bibliographical references (pages 427-450) and index. |
| 505 0# - FORMATTED CONTENTS NOTE | |
| Formatted contents note | Biblical perspectives of Christian management -- A theology of administration -- Building mission and vision -- Developing goals and objectives -- Developing a strategic ministry plan -- Policies and procedures as planning tools -- Preparing and reading a budget -- Ministry by objectives -- Organizational structures -- Preparing job descriptions -- Conducting effective meetings -- Ministry leaders as change agents -- Decision making and communication within the organization -- Recruiting and screening volunteers -- Developing staff members -- Legal and ethical considerations in ministry -- Developing leaders -- Mentoring in ministry -- Transforming groups into teams -- Leadership strategies -- Working with boards and committees -- Conducting performance reviews -- Evaluating the effectiveness of programs. |
| 520 ## - SUMMARY, ETC. | |
| Summary, etc. | Management Essentials for Christian Ministries is a thorough examination of management principles for Christian ministries including churches, denominations, and parachurch organizations. Contributors represent a diverse denominational cross section. Study of management principles is required coursework for seminary students today. Management Essentials For Christian Ministries represents a thorough treatment of all issues regarding church administration and functions and provides a theological grounding for organizational approaches to church management. |
| 650 #0 - SUBJECT ADDED ENTRY--TOPICAL TERM | |
| Topical term or geographic name entry element | Church management. |
| Authority record control number or standard number | https://id.loc.gov/authorities/subjects/sh85025646 |
| 700 1# - ADDED ENTRY--PERSONAL NAME | |
| Personal name | Anthony, Michael J. |
| Authority record control number or standard number | https://id.loc.gov/authorities/names/n85226774 |
| 700 1# - ADDED ENTRY--PERSONAL NAME | |
| Personal name | Estep, James Riley, |
| Dates associated with a name | 1963- |
| Authority record control number or standard number | https://id.loc.gov/authorities/names/n2003103707 |
| 942 ## - ADDED ENTRY ELEMENTS (KOHA) | |
| Source of classification or shelving scheme | Dewey Decimal Classification |
| Koha item type | Books |
| Suppress in OPAC | No |
| Withdrawn status | Lost status | Source of classification or shelving scheme | Damaged status | Not for loan | Home library | Current Library | Shelving location | Date acquired | Total checkouts | Full call number | Barcode | Date last seen | Copy number | Price effective from | Koha item type |
|---|---|---|---|---|---|---|---|---|---|---|---|---|---|---|---|
| Dewey Decimal Classification | GRACE BIBLE COLLEGE | GRACE BIBLE COLLEGE | Ministry & Mission | 2025-02-06 | 254 MAN | 021011 | 2025-05-01 | c.1 | 2025-02-06 | Books |